[Event "56th ch-RUS"]
[Site "Krasnoyarsk RUS"]
[Date "2003.09.03"]
[Round "1"]
[White "Khalifman,A"]
[Black "Kiriakov,P"]
[Result "1-0"]
[WhiteElo "2678"]
[BlackElo "2553"]

1.d4 Nf6 2.c4 e6 3.Nf3 d5 4.Nc3 Nbd7 5.e3 Be7 6.Bd3 O-O 7.O-O b6 8.cxd5 exd5
9.b3 Bb7 10.Bb2 a6 11.Rc1 Bd6 12.Ne2 Re8 13.Qc2 Ne4 14.Ng3 g6 15.Ne5 Nxg3
16.hxg3 Qe7 17.b4 Rac8 18.Nc6 Qe6 19.b5 axb5 20.Bxb5 Rf8 21.a4 Nb8 22.Na7 Rcd8
23.Be2 Ba6 24.Bxa6 Nxa6 25.Nb5 Rc8 26.Qd3 Nb4 27.Qb3 c5 28.Nxd6 Qxd6 29.Ba3 Na6
30.a5 bxa5 31.dxc5 Qc6 32.Rfd1 Nc7 33.Rb1 Ne6 34.Rxd5 Rb8 35.Qxb8 Qxd5 36.Qb3 Qc6
37.Qb5 Qxb5 38.Rxb5 a4 39.Ra5 Rb8 40.Rxa4 Rb1+ 41.Kh2 h5 42.Rc4 Ra1 43.Bb2 Ra2
44.Bd4 Kf8 45.c6 Ra8 46.Bf6 Ke8 47.g4  1-0

[Event "56th ch-RUS"]
[Site "Krasnoyarsk RUS"]
[Date "2003.09.05"]
[Round "3"]
[White "Khalifman,A"]
[Black "Kornev,Alexe"]
[Result "1/2-1/2"]
[WhiteElo "2678"]
[BlackElo "2566"]

1.d4 d5 2.c4 c6 3.Nf3 Nf6 4.Nc3 dxc4 5.a4 Bf5 6.e3 e6 7.Bxc4 Bb4 8.O-O Nbd7
9.Nh4 O-O 10.Nxf5 exf5 11.Qc2 g6 12.f3 Rc8 13.Ba2 c5 14.Kh1 a6 15.Qf2 Qb6
16.Qh4 Qd6 17.Bd2 f4 18.Rad1 fxe3 19.Bxe3 Bxc3 20.bxc3 c4 21.d5 b5 22.axb5 axb5
23.Bb1 Rfe8 24.Bg5 Re2 25.f4 Ne4 26.Bxe4 Rxe4 27.Qf2  1/2-1/2

[Event "56th ch-RUS"]
[Site "Krasnoyarsk RUS"]
[Date "2003.09.06"]
[Round "4"]
[White "Ivanov,Se1"]
[Black "Khalifman,A"]
[Result "1/2-1/2"]
[WhiteElo "2556"]
[BlackElo "2678"]

1.d4 d5 2.c4 c6 3.Nf3 Nf6 4.Nc3 a6 5.Bg5 dxc4 6.a4 Bf5 7.e3 Ne4 8.Bxc4 Nxg5
9.Nxg5 e6 10.Nf3 Nd7 11.O-O Bd6 12.Bd3 O-O 13.Bxf5 exf5 14.d5 c5 15.Qc2 g6
16.a5 Nf6 17.Rfd1 Qc7 18.g3 Rad8 19.Qa4 Rd7 20.e4 fxe4 21.Nxe4 Nxe4 22.Qxe4 Rdd8  1/2-1/2

[Event "ECC"]
[Site "Rethymnon GRE"]
[Date "2003.09.29"]
[Round "2"]
[White "Polzin,R"]
[Black "Khalifman,A"]
[Result "1/2-1/2"]
[WhiteElo "2464"]
[BlackElo "2678"]

1.e4 c6 2.d4 d5 3.e5 Bf5 4.Nf3 e6 5.a3 Nd7 6.Be2 Bg6 7.Nbd2 Nh6 8.Nf1 Nf5
9.Ng3 Be7 10.Bd3 Nh4 11.Nxh4 Bxh4 12.Ne2 c5 13.c3 Rc8 14.O-O O-O 15.Bxg6 hxg6
16.g3 Bg5 17.f4 Be7 18.Be3 cxd4 19.cxd4 Qb6 20.Qd2 Qb3 21.Nc1 Qc2 22.Qxc2 Rxc2
23.Nd3 Nb6 24.Rfc1 Re2 25.Bf2 Rd2 26.Rd1 Rxd1+ 27.Rxd1 Rc8 28.Rc1 Rc4 29.Be3 Rxc1+
30.Bxc1 Nc4 31.a4 Kf8 32.Kf1 Ke8 33.Ke2 Kd7 34.Bd2 g5  1/2-1/2

[Event "ECC"]
[Site "Rethymnon GRE"]
[Date "2003.10.01"]
[Round "4"]
[White "Kuzmin,Ge"]
[Black "Khalifman,A"]
[Result "1/2-1/2"]
[WhiteElo "2516"]
[BlackElo "2678"]

1.e4 e5 2.Nf3 Nc6 3.Bb5 a6 4.Ba4 Nf6 5.O-O Be7 6.Re1 b5 7.Bb3 O-O 8.h3 Bb7
9.d3 d6 10.Bd2 Nb8 11.Nc3 Nbd7 12.a3 c5 13.Ba2 Qc7 14.Ne2 d5 15.exd5 Bxd5
16.Bxd5 Nxd5 17.c4 N5f6 18.Ng3 Rfe8 19.Bc3 Bf8 20.b3 h6 21.Ra2 b4 22.Ba1 bxa3
23.Rxa3 Re6 24.Bc3 Rae8 25.Ra2 g6 26.Qa1 Qd6 27.Ne4 Nxe4 28.dxe4 Qb8 29.Nd2 Qb7
30.Qb2 Nb8 31.Rea1 h5 32.Ra3 Bh6 33.Nf3 Qxe4 34.Re1 Qb7 35.Rxe5 Rxe5 36.Nxe5 Qe4
37.Ra1 Bg7 38.Nf3 Bxc3 39.Qxc3 Qf4 40.Rd1 Qc7 41.Qf6 Nc6 42.Rd6 Nb4 43.Ne5 Qe7
44.Nd7 a5 45.Kh2 Nc2 46.Rd2 Nd4 47.Qxe7 Rxe7 48.Nxc5 Nc6 49.h4 Rc7 50.f3 Ne7
51.Ne4 Kg7 52.Rd8 Rb7 53.Rd3 Ra7 54.Nc5 Rc7 55.Na4 Rb7 56.Rc3 Nf5 57.Kh3 Nd4
58.c5 Rc7 59.Kh2 Kf6 60.Nb6 Rc6 61.b4 axb4 62.Nd5+ Ke5 63.Nxb4 Rc8 64.Re3+ Kf5
65.Re4 Nc6 66.Nd5 Rd8 67.Ne3+ Kf6 68.Ra4 Rd3 69.Nf1 Ke5 70.Ng3 Rd4  1/2-1/2

[Event "ECC"]
[Site "Rethymnon GRE"]
[Date "2003.10.02"]
[Round "5"]
[White "Khalifman,A"]
[Black "Sakaev,K"]
[Result "1/2-1/2"]
[WhiteElo "2678"]
[BlackElo "2655"]

1.d4 d5 2.c4 c6 3.Nf3 Nf6 4.e3 Bf5 5.Nc3 e6 6.Nh4 Bg6 7.Nxg6 hxg6 8.g3 Nbd7
9.Bg2 dxc4 10.Qe2 Be7 11.Qxc4  1/2-1/2

[Event "ECC"]
[Site "Rethymnon GRE"]
[Date "2003.10.03"]
[Round "6"]
[White "Grischuk,A"]
[Black "Khalifman,A"]
[Result "1/2-1/2"]
[WhiteElo "2732"]
[BlackElo "2678"]

1.e4 e5 2.Nf3 Nc6 3.Bb5 a6 4.Ba4 Nf6 5.O-O Be7 6.Re1 b5 7.Bb3 O-O 8.c3 d5
9.exd5 Nxd5 10.Nxe5 Nxe5 11.Rxe5 c6 12.d3 Bd6 13.Re1 Bf5 14.Qf3 Qh4 15.g3 Qh3
16.Bxd5 cxd5 17.Be3 Bxd3 18.Qxd5 Rad8 19.Qg2 Qf5 20.Nd2 b4 21.Bd4 bxc3 22.bxc3 h6
23.a4 Rfe8 24.Qc6  1/2-1/2

[Event "EuTCh"]
[Site "Plovdiv BUL"]
[Date "2003.10.19"]
[Round "8"]
[White "Gagunashvili,M"]
[Black "Khalifman,A"]
[Result "1/2-1/2"]
[WhiteElo "2582"]
[BlackElo "2678"]

1.d4 Nf6 2.c4 g6 3.Nc3 d5 4.Nf3 Bg7 5.Qb3 dxc4 6.Qxc4 O-O 7.e4 Na6 8.Qb3 c5
9.d5 e6 10.Bxa6 bxa6 11.O-O exd5 12.exd5 Bf5 13.Qc4 Qb6 14.Be3 Qxb2 15.Rac1 Nd7
16.Na4 Qb5 17.Qxb5 axb5 18.Nxc5 Nb6 19.d6 Nc4 20.Bg5 Bb2 21.Rcd1 f6 22.Bf4 Ba3
23.Rd5 Nb6 24.Rxf5 gxf5 25.Ne6 Nd5 26.Bg3 f4 27.Nxf8 fxg3 28.Ne6 gxf2+ 29.Rxf2 Bxd6
30.Rd2 Kf7 31.Rxd5 Kxe6 32.Rxb5 Rc8  1/2-1/2

[Event "Aeroflot Open"]
[Site "Moscow RUS"]
[Date "2004.02.22"]
[Round "6"]
[White "Khalifman,A"]
[Black "Karjakin,Sergey"]
[Result "1/2-1/2"]
[WhiteElo "2674"]
[BlackElo "2566"]

1.d4 d5 2.c4 dxc4 3.e4 Nf6 4.e5 Nd5 5.Bxc4 Nb6 6.Bd3 Nc6 7.Ne2 Bg4 8.f3 Be6
9.Nbc3 Bc4 10.Bxc4 Nxc4 11.Qb3 Nb6 12.e6 fxe6 13.Be3 Qd7 14.O-O g6 15.Ne4 Qd5
16.Qd1 O-O-O 17.Nf4 Qf5 18.g4 Qf7 19.Ng5 Qf6 20.Ne4 Qf7 21.Ng5  1/2-1/2

[Event "57th ch-RUS Qualifier"]
[Site "St Petersburg RUS"]
[Date "2004.05.22"]
[Round "2"]
[White "Khalifman,A"]
[Black "Ivanov,Se1"]
[Result "1/2-1/2"]
[WhiteElo "2668"]
[BlackElo "2546"]

1.e4 e6 2.d4 d5 3.Nc3 Bb4 4.e5 c5 5.a3 Ba5 6.b4 cxd4 7.Nb5 Bc7 8.f4 Bd7 9.Nxc7+ Qxc7
10.Nf3 Ne7 11.Bd3 a6 12.Bb2 Nf5 13.Bxf5 exf5 14.Bxd4 O-O 15.O-O Rc8 16.c3 Nc6
17.Rc1 a5 18.Bf2 Ne7 19.Bc5 Be6 20.Nd4 b6 21.Bd6 Qd7 22.Bxe7 Qxe7 23.Qd2 Qd7
24.h3 Rc4 25.Rf3 h6 26.Re3 Rac8 27.Rf1 Qa4 28.Qb2 Qd7 29.Qd2 Qa4 30.Qb2 Qd7
31.Kh2 Kh7 32.Rff3 Qa4 33.Rg3 Qd7 34.Qe2 g6 35.Rgf3 Kg7 36.Rd3 Qa4 37.Qf2 Qd7
38.Rfe3 Ra8 39.Qg3 Rac8 40.Rf3 Qe8 41.Qh4 Qd8 42.Kg3 Bd7 43.Qxd8 Rxd8 44.Kh4 Re8
45.Rfe3 Kf8 46.g4 Ke7 47.Kg3 Rec8 48.Kf3 Be6 49.Kg3  1/2-1/2

[Event "57th ch-RUS Qualifier"]
[Site "St Petersburg RUS"]
[Date "2004.05.23"]
[Round "3"]
[White "Nikolenko,O"]
[Black "Khalifman,A"]
[Result "0-1"]
[WhiteElo "2520"]
[BlackElo "2668"]

1.e4 c5 2.Nf3 d6 3.Nc3 Nf6 4.e5 dxe5 5.Nxe5 a6 6.g3 Nbd7 7.d4 e6 8.Nxd7 Qxd7
9.Be3 Qc6 10.Rg1 Qb6 11.Qd2 Qxb2 12.Rb1 Qa3 13.Rb3 Qa5 14.dxc5 Bd7 15.Ne4 Qxd2+
16.Nxd2 Ng4 17.Bd4 e5 18.h3 exd4 19.hxg4 Bxc5 20.Rxb7 Bxg4 21.Ne4 Ba3 22.Bc4 O-O
23.Ng5 Bh5 24.Rh1 Bg6 25.Rh4 Rfe8+ 26.Kf1 Be7 27.f4 Rac8 28.f5 Rxc4 29.Re4 Bxf5
30.Rexe7 Rxe7 31.Rxe7 g6 32.Nxf7 Kf8 33.Ra7 Rxc2 34.g4 d3 35.gxf5 Rc1+ 36.Kf2 d2  0-1

[Event "57th ch-RUS Qualifier"]
[Site "St Petersburg RUS"]
[Date "2004.05.25"]
[Round "5"]
[White "Epishin,V"]
[Black "Khalifman,A"]
[Result "1/2-1/2"]
[WhiteElo "2610"]
[BlackElo "2668"]

1.d4 d5 2.c4 e6 3.Nf3 Nf6 4.Nc3 Be7 5.Bg5 h6 6.Bxf6 Bxf6 7.e3 O-O 8.Rc1 c6
9.Bd3 Nd7 10.O-O dxc4 11.Bxc4 e5 12.Ne4  1/2-1/2

[Event "57th ch-RUS Qualifier"]
[Site "St Petersburg RUS"]
[Date "2004.05.30"]
[Round "9"]
[White "Khalifman,A"]
[Black "Najer,E"]
[Result "1/2-1/2"]
[WhiteElo "2668"]
[BlackElo "2606"]

1.d4 d5 2.c4 c6 3.Nc3 Nf6 4.Nf3 a6 5.c5 Nbd7 6.Bf4 Nh5 7.Be3 Nhf6 8.h3 b6
9.cxb6 e6 10.g3 Qxb6 11.Rb1 Bd6 12.Bg2 O-O 13.O-O a5 14.Qd2 Ba6 15.Rfc1 Rfc8
16.Ne5  1/2-1/2

[Event "Liepajas Rokade"]
[Site "Liepaya LAT"]
[Date "2004.07.30"]
[Round "1"]
[White "Khalifman,A"]
[Black "Stefansson,H"]
[Result "1/2-1/2"]
[WhiteElo "2669"]
[BlackElo "2549"]

1.Nf3 d5 2.d4 Nf6 3.c4 e6 4.g3 dxc4 5.Bg2 Be7 6.Qa4+ Bd7 7.Qxc4 Bc6 8.O-O O-O
9.Bg5 Bd5 10.Qd3 c5 11.dxc5 Na6 12.Nc3 Nxc5 13.Qd4 Rc8 14.Rfd1  1/2-1/2

[Event "Liepajas Rokade"]
[Site "Liepaya LAT"]
[Date "2004.07.30"]
[Round "3"]
[White "Zapolskis,A"]
[Black "Khalifman,A"]
[Result "0-1"]
[WhiteElo "2344"]
[BlackElo "2669"]

1.e4 c5 2.Nf3 Nc6 3.Bb5 d6 4.O-O Bd7 5.c3 a6 6.Ba4 Nf6 7.Re1 c4 8.Na3 b5
9.Bc2 e5 10.b3 Na5 11.bxc4 bxc4 12.Rb1 Be7 13.Ba4 O-O 14.Bxd7 Qxd7 15.Rb4 Qc7
16.d3 d5 17.exd5 Nxd5 18.Rxc4 Nxc4 19.Nxc4 Nxc3 20.Qc2 Nb5 21.Nfxe5 Rfe8
22.Bb2 Bf6 23.h3 Nd6 24.f4 Nxc4 25.dxc4 Bxe5 26.fxe5 Rac8 27.Re4 Re6 28.Qe2 h6
29.Kh1 Qc6 30.Rf4 Rce8 31.Qf2 R8e7  0-1

[Event "Liepajas Rokade"]
[Site "Liepaya LAT"]
[Date "2004.07.31"]
[Round "4"]
[White "Khalifman,A"]
[Black "Sveshnikov,V"]
[Result "1-0"]
[WhiteElo "2669"]
[BlackElo "2186"]

1.d4 d5 2.Nf3 Nf6 3.c4 e6 4.Nc3 c6 5.Bg5 h6 6.Bxf6 Qxf6 7.e3 Nd7 8.Bd3 dxc4
9.Bxc4 Bd6 10.O-O Qe7 11.Rc1 O-O 12.Ne4 b5 13.Bd3 Bb7 14.Nfd2 e5 15.Nxd6 Qxd6
16.Ne4 Qb4 17.Qb3 Qe7 18.Rfd1 Rad8 19.dxe5 Nxe5 20.Nc5 Bc8 21.Be2 Rxd1+ 22.Qxd1 Rd8
23.Qc2 a5 24.Qc3 b4 25.Qc2 Be6 26.b3 f6 27.h3 Rd6 28.Kf1 Kf8 29.Nxe6+ Qxe6
30.Qc5 Qd5 31.Qxd5 Rxd5 32.f4 Nd7 33.Rxc6 Rd2 34.Bg4 f5 35.Bxf5 Nf6 36.Rc2 Rd5
37.g4 h5 38.Ke2 hxg4 39.hxg4  1-0

[Event "Liepajas Rokade"]
[Site "Liepaya LAT"]
[Date "2004.07.31"]
[Round "6"]
[White "Khalifman,A"]
[Black "Ehlvest,J"]
[Result "1/2-1/2"]
[WhiteElo "2669"]
[BlackElo "2605"]

1.d4 Nf6 2.c4 e6 3.Nf3 d5 4.Nc3 Be7 5.Bg5 O-O 6.e3 h6 7.Bxf6 Bxf6 8.Rc1 c6
9.Bd3 Nd7 10.O-O dxc4 11.Bxc4 e5 12.Ne4 exd4 13.Nxf6+ Nxf6 14.Qxd4  1/2-1/2

[Event "Liepajas Rokade"]
[Site "Liepaya LAT"]
[Date "2004.07.31"]
[Round "7"]
[White "Neiksans,A"]
[Black "Khalifman,A"]
[Result "0-1"]
[WhiteElo "2440"]
[BlackElo "2669"]

1.e4 c5 2.Nf3 g6 3.d4 Bg7 4.Nc3 cxd4 5.Nxd4 Nc6 6.Be3 Nf6 7.Bc4 O-O 8.O-O d6
9.h3 Na5 10.Be2 a6 11.Qd3 b5 12.a4 e5 13.axb5 exd4 14.Bxd4 Be6 15.b4 Nc4
16.bxa6 Ne5 17.Bxe5 dxe5 18.Qxd8 Rfxd8 19.Nb5 Rdc8 20.Bd3 Bf8 21.Rfb1 Bc4
22.a7 Bxb5 23.Bxb5 Rxc2 24.Ra6 Kg7 25.Bc6 Rxa7 26.Rxa7 Rxc6 27.b5 Rb6 28.Ra6 Bc5
29.Rxb6 Bxb6 30.Rb4 Kf8 31.Rc4 Bd4 32.Rc6 Nd7 33.Kf1 Ke7 34.Ke2 Kd8 35.f3 Nb8  0-1

[Event "36th Olympiad"]
[Site "Calvia ESP"]
[Date "2004.10.22"]
[Round "7"]
[White "Spasov,V"]
[Black "Khalifman,A"]
[Result "1/2-1/2"]
[WhiteElo "2534"]
[BlackElo "2669"]

1.e4 c5 2.Nf3 Nc6 3.Bb5 e6 4.b3 Nge7 5.Bb2 a6 6.Bxc6 Nxc6 7.O-O b5 8.d4 cxd4
9.Nxd4 Qf6 10.c3 Bb7 11.Nd2 Bc5 12.N2f3 O-O 13.Qe2 e5 14.Nxc6 Bxc6 15.Rad1 d6
16.Bc1 Rac8 17.Rfe1 h6 18.Be3 Bxe4  1/2-1/2

[Event "Smartfish Masters"]
[Site "Drammen NOR"]
[Date "2004.12.27"]
[Round "1"]
[White "Khalifman,A"]
[Black "Shirov,A"]
[Result "1/2-1/2"]
[WhiteElo "2669"]
[BlackElo "2726"]

1.d4 d5 2.Nf3 Nf6 3.c4 c6 4.Nc3 e6 5.Bg5 dxc4 6.a4 Bb4 7.e4 Bxc3+ 8.bxc3 Qa5
9.e5 Ne4 10.Bd2 Qd5 11.a5 c5 12.Qa4+ Bd7 13.Qxc4 Qxc4 14.Bxc4 Bc6 15.Ke2 Na6
16.Rhb1 Nc7 17.Be1 O-O-O 18.Rb2 f6 19.Rc1 Ng5 20.Nxg5 fxg5 21.Bd2 g4 22.Kf1 a6
23.dxc5 Nd5 24.Ke1  1/2-1/2

[Event "Smartfish Masters"]
[Site "Drammen NOR"]
[Date "2004.12.30"]
[Round "4"]
[White "Khalifman,A"]
[Black "Nielsen,PH"]
[Result "1/2-1/2"]
[WhiteElo "2669"]
[BlackElo "2663"]

1.e4 e5 2.Nf3 Nf6 3.d4 Nxe4 4.Bd3 d5 5.Nxe5 Nd7 6.Nxd7 Bxd7 7.O-O Bd6 8.c4 c6
9.cxd5 cxd5 10.Nc3 O-O 11.Nxd5 Re8 12.Qh5 Rc8 13.Be3 Bc6 14.Nc3 g6 15.Qh6 Bf8
16.Qf4 Bd6 17.Qh6 Bf8 18.Qf4 Bd6  1/2-1/2

[Event "Smartfish Masters"]
[Site "Drammen NOR"]
[Date "2005.01.01"]
[Round "5"]
[White "Lie,K"]
[Black "Khalifman,A"]
[Result "1/2-1/2"]
[WhiteElo "2474"]
[BlackElo "2669"]

1.c4 Nf6 2.g3 d5 3.cxd5 Nxd5 4.Bg2 c5 5.Nc3 Nc7 6.Nf3 Nc6 7.a3 g6 8.h4 h6
9.d3 Bg7 10.Be3 Ne6 11.Na4 Bd7 12.Nxc5 Nxc5 13.Bxc5 Bxb2 14.Be3 Bxa1 15.Qxa1 f6
16.O-O Be6 17.Rb1 Qd7 18.Nd4 Nxd4 19.Bxd4 Bd5 20.Bxf6 Bxg2 21.Bxh8 Qh3 22.f3 Bxf3
23.exf3 Qxg3+ 24.Kh1 Qxf3+ 25.Kh2 Qf2+ 26.Kh3 Qf3+ 27.Kh2 Qf2+ 28.Kh3 Rd8
29.Rb3 Qf3+ 30.Kh2 Qf2+ 31.Kh3 Qf3+ 32.Kh2 Qf2+ 33.Kh3  1/2-1/2

[Event "Smartfish Masters"]
[Site "Drammen NOR"]
[Date "2005.01.02"]
[Round "6"]
[White "Khalifman,A"]
[Black "Korchnoi,V"]
[Result "1/2-1/2"]
[WhiteElo "2669"]
[BlackElo "2601"]

1.e4 e6 2.d4 d5 3.Nc3 Nf6 4.e5 Nfd7 5.f4 c5 6.Nf3 Nc6 7.Be3 cxd4 8.Nxd4 Bc5
9.Qd2 O-O 10.O-O-O Qe7 11.Kb1 Nxd4 12.Bxd4 Nb6 13.Bxc5 Qxc5 14.Nb5 Bd7 15.Nd4 Na4
16.Nb3 Qb6 17.Qd4 Rac8 18.Qxb6 Nxb6 19.g3 Rc7 20.Nd4 Nc8 21.Bd3 Ne7 22.Rhe1 a6
23.Re3 Nc6 24.Nf3 b5 25.a3 Rb8 26.b3 b4 27.a4 a5 28.Kb2 Rb6 29.Kc1 Bc8 30.Bb5 Na7
31.Nd4 Ba6 32.Bxa6 Rxa6 33.f5 Nc6 34.fxe6 Nxd4 35.exf7+ Kxf7 36.Rxd4 Ke6
37.Rf4 Rac6 38.Re2 Rc8 39.Kd1 R6c7 40.Rh4 h6 41.Rf4 Rc3 42.Ref2 R3c7 43.Rg4 Kxe5
44.Re2+ Kf6 45.Rf4+ Kg6 46.Re6+ Kh7 47.Rf2 Rd7 48.Rd2 Rc5 49.Rb6  1/2-1/2

[Event "Smartfish Masters"]
[Site "Drammen NOR"]
[Date "2005.01.04"]
[Round "8"]
[White "Khalifman,A"]
[Black "Johannessen,LE"]
[Result "1/2-1/2"]
[WhiteElo "2669"]
[BlackElo "2519"]

1.e4 c6 2.d4 d5 3.Nc3 dxe4 4.Nxe4 Bf5 5.Ng3 Bg6 6.h4 h6 7.Nf3 Nd7 8.h5 Bh7
9.Bd3 Bxd3 10.Qxd3 e6 11.Bf4 Qa5+ 12.Bd2 Qc7 13.O-O-O O-O-O 14.Ne4 Ngf6 15.g3 Nxe4
16.Qxe4 Bd6 17.c4 c5 18.d5 Nf6 19.Qc2 exd5 20.cxd5 Qd7 21.Bc3 Rhe8 22.Bxf6 gxf6
23.Kb1 Qg4 24.Nd4 Re5 25.Nb5 Kb8 26.f4 Rxh5 27.Nxd6 Rxh1 28.Rxh1 Rxd6 29.Qxc5 Qf5+
30.Ka1 Qxd5 31.Qxd5 Rxd5 32.Kb1 h5 33.Rc1 Rd3 34.Rc5 Rxg3 35.Rxh5 Rd3 36.Rh8+ Kc7
37.Rh7 Rd7 38.Rh6 Rd6 39.Rh7 Rd7 40.Rh6  1/2-1/2

[Event "Aeroflot Open"]
[Site "Moscow RUS"]
[Date "2005.02.15"]
[Round "1"]
[White "Belov,Vl"]
[Black "Khalifman,A"]
[Result "1/2-1/2"]
[WhiteElo "2582"]
[BlackElo "2662"]

1.e4 e5 2.Nf3 Nc6 3.Bb5 a6 4.Ba4 Nf6 5.O-O Be7 6.Re1 b5 7.Bb3 O-O 8.d4 d6
9.c3 Bg4 10.Be3 Bd7 11.Nbd2 Ng4 12.Nf1 Nxe3 13.Nxe3 Bf6 14.Nd5 Rb8 15.h3 g6
16.Nxf6+ Qxf6 17.dxe5 Nxe5 18.Nxe5 Qxe5 19.Qd2 a5 20.a3 Be6 21.Bd5 Bxd5 22.exd5 Qf6
23.Re4 Rfe8 24.Rae1 Rxe4 25.Rxe4 Kg7 26.Qe3 Ra8 27.Re7 b4 28.Rxc7 bxa3 29.bxa3 Rb8
30.Rc4 Rb3 31.a4 Rb1+ 32.Kh2 Rb2 33.Kg3 Rc2 34.h4 h6 35.f3 h5 36.Rc6 Ra2
37.Rc4 Rc2 38.Rc8 Kh7 39.Qe8 Rd2 40.c4 Rd4 41.Qg8+ Kh6 42.Qf8+ Kh7 43.Qg8+ Kh6
44.Qh8+ Qxh8 45.Rxh8+ Kg7 46.Rc8 Kf6 47.Rc7 g5 48.hxg5+ Kxg5 49.Kf2 Rd2+
50.Ke3 Rxg2 51.Rxf7 Ra2 52.f4+ Kg4 53.Rg7+ Kf5 54.Rg5+ Kf6 55.Rxh5 Rxa4 56.Kd4 Ra1
57.Rh6+ Ke7 58.Rh7+ Kd8 59.Ra7 a4 60.Ke4 a3 61.Kf5 a2 62.Kf6 Rf1 63.Rxa2 Rxf4+
64.Ke6 Rxc4 65.Kxd6 Kc8 66.Re2 Rd4 67.Re1  1/2-1/2

[Event "Aeroflot Open"]
[Site "Moscow RUS"]
[Date "2005.02.17"]
[Round "3"]
[White "Galkin,A"]
[Black "Khalifman,A"]
[Result "0-1"]
[WhiteElo "2593"]
[BlackElo "2662"]

1.e4 c5 2.Nf3 d6 3.d4 cxd4 4.Nxd4 Nf6 5.Nc3 Nc6 6.Bg5 e6 7.Qd2 a6 8.O-O-O h6
9.Be3 Bd7 10.f3 b5 11.Nxc6 Bxc6 12.h4 Qc7 13.Kb1 Rc8 14.Bd3 Nd7 15.Ne2 Bb7
16.Nd4 d5 17.exd5 Bxd5 18.Rhe1 Be7 19.Bf4 Qb7 20.Re2 Nc5 21.h5 Nxd3 22.Qxd3 O-O
23.Qe3 Bc5 24.Qc1 Rfd8 25.Be3 a5 26.Ree1 a4 27.Ne2 Bb4 28.Rh1 e5 29.Ng3 Qc6
30.Rh4 Be7 31.Rhh1 Qe6 32.b3 axb3 33.axb3 Bxb3  0-1

[Event "Aeroflot Open"]
[Site "Moscow RUS"]
[Date "2005.02.18"]
[Round "4"]
[White "Khalifman,A"]
[Black "Tseshkovsky,V"]
[Result "1-0"]
[WhiteElo "2662"]
[BlackElo "2581"]

1.e4 d6 2.d4 Nf6 3.Nc3 g6 4.f4 Bg7 5.Nf3 O-O 6.Be3 c6 7.Bd3 Na6 8.Qd2 b5
9.e5 Ng4 10.Bg1 Nb4 11.h3 Nxd3+ 12.Qxd3 Nh6 13.O-O-O b4 14.Ne4 Qa5 15.Kb1 Ba6
16.Qb3 Qd5 17.Ned2 Qxb3 18.axb3 d5 19.Be3 Bc8 20.Ne1 f6 21.Nd3 a5 22.Nf3 Nf7
23.Nc5 Nd8 24.Ne1 Ne6 25.Ned3 Nxc5 26.Nxc5 fxe5 27.fxe5 Bf5 28.Bg5 Rfe8 29.Kc1 h6
30.Be3 Be4 31.Nxe4 dxe4 32.Rhg1  1-0

[Event "Aeroflot Open"]
[Site "Moscow RUS"]
[Date "2005.02.19"]
[Round "5"]
[White "Khalifman,A"]
[Black "Bacrot,E"]
[Result "1/2-1/2"]
[WhiteElo "2662"]
[BlackElo "2715"]

1.d4 d5 2.c4 c6 3.Nf3 Nf6 4.Nc3 a6 5.c5 Nbd7 6.Bf4 g6 7.h3 Bg7 8.e3 O-O 9.Qc2 Ne8
10.Be2 e5 11.Nxe5 Nxe5 12.dxe5 Qe7 13.O-O Qxc5 14.Qd2 Qe7 15.e4 dxe4 16.Nxe4 Bxe5
17.Bg5 f6 18.Be3 Nd6 19.Nxd6 Bxd6 20.Rad1 Bb4 21.Bc4+ Kh8 22.Qd4 Bf5 23.a3 Rad8
24.Qxd8 Rxd8 25.axb4 Rxd1 26.Rxd1 h5 27.Bd4 Kg7 28.Bc3 g5 29.Re1 Qd7 30.Bb3 h4
31.Rd1 Qe7 32.Re1 Qd8 33.Rd1  1/2-1/2

[Event "Aeroflot Open"]
[Site "Moscow RUS"]
[Date "2005.02.20"]
[Round "6"]
[White "Petrosian,TL"]
[Black "Khalifman,A"]
[Result "0-1"]
[WhiteElo "2568"]
[BlackElo "2662"]

1.e4 c6 2.d4 d5 3.Nc3 dxe4 4.Nxe4 Bf5 5.Ng3 Bg6 6.h4 h6 7.Nf3 Nd7 8.h5 Bh7
9.Bd3 Bxd3 10.Qxd3 e6 11.Bf4 Qa5+ 12.Bd2 Qc7 13.O-O-O Ngf6 14.Qe2 O-O-O 15.Ne5 Nb6
16.c4 Rxd4 17.Be3 Rxd1+ 18.Rxd1 Rg8 19.f4 Kb8 20.Qd3 Nc8 21.Qd8 Bd6 22.Qxc7+ Bxc7
23.Nxf7 Ng4 24.Bd2 Rf8 25.Ne5 Nxe5 26.fxe5 Bxe5 27.Ne4 b6 28.Kc2 Kc7 29.Re1 Bd4
30.Nc3 Rf2 31.Rxe6 Rxg2 32.Kd3 Kd7 33.Re1 Bf6 34.c5 b5 35.a4 a6 36.axb5 axb5
37.b4 Ne7 38.Ne4 Be5 39.Rf1 Rh2 40.Bf4 Rh3+  0-1

[Event "58th ch-RUS Semi-Final"]
[Site "Kazan RUS"]
[Date "2005.09.10"]
[Round "8"]
[White "Rublevsky,S"]
[Black "Khalifman,A"]
[Result "1/2-1/2"]
[WhiteElo "2645"]
[BlackElo "2653"]

1.e4 c5 2.Nf3 d6 3.Bb5+ Nd7 4.d4 Nf6 5.O-O cxd4 6.Qxd4 g6 7.e5 dxe5 8.Qxe5 Bg7
9.Re1 e6 10.Qd6 a6 11.Bf1 Bf8 12.Qf4 Bg7 13.Qd6 Bf8  1/2-1/2

[Event "ch-RUS Superfinal"]
[Site "Moscow RUS"]
[Date "2005.12.30"]
[Round "11"]
[White "Khalifman,A"]
[Black "Kramnik,V"]
[Result "1/2-1/2"]
[WhiteElo "2653"]
[BlackElo "2739"]

1.d4 Nf6 2.c4 e6 3.g3 Bb4+ 4.Bd2 Be7 5.Bg2 d5 6.Nf3 O-O 7.O-O c6 8.Qc2 b6
9.Bf4 Nbd7 10.Rd1 Bb7 11.Nc3 dxc4 12.Nd2 Nd5 13.Nxc4 Nxf4 14.gxf4 Qc7 15.e3 Rac8
16.Rac1  1/2-1/2

[Event "XIII TCh-RUS"]
[Site "Sochi RUS"]
[Date "2006.04.25"]
[Round "6"]
[White "Khalifman,A"]
[Black "Timofeev,Arty"]
[Result "0-1"]
[WhiteElo "2640"]
[BlackElo "2646"]

1.d4 d5 2.c4 e6 3.Nf3 c6 4.g3 dxc4 5.Bg2 b5 6.O-O Bb7 7.a4 Nd7 8.Nc3 a6 9.Ne5 Qc8
10.Bf4 Ngf6 11.e4 Bb4 12.g4 O-O 13.g5 Nxe5 14.Bxe5 Nd7 15.Bg3 Rd8 16.Qh5 g6
17.Qh4 Bf8 18.e5 b4 19.Ne4 c5 20.dxc5 Bxc5 21.Rac1 Bd5 22.Nd6 Bxd6 23.exd6 Bxg2
24.Kxg2 Qc6+ 25.Kg1 Rdc8 26.Rfe1 a5 27.Re4 c3 28.bxc3 b3 29.c4 Qxa4 30.Rf4 b2
31.Rf1 Ne5 32.Qxh7+ Kxh7 33.Rh4+ Kg8 34.Bxe5 f6 35.Bxf6 e5 36.Bxe5 Rxc4 37.Rh8+ Kf7
38.Rxa8 Rc1  0-1

[Event "Liepajas Rokade"]
[Site "Liepaja LAT"]
[Date "2006.08.06"]
[Round "13"]
[White "Khalifman,A"]
[Black "Miezis,N"]
[Result "1/2-1/2"]
[WhiteElo "2622"]
[BlackElo "2527"]


1.d4 Nf6 2.Nf3 e6 3.c4 Bb4+ 4.Nbd2 c5 5.a3 Bxd2+ 6.Bxd2 b6 7.Bg5 h6 8.Bh4 Bb7
9.e3 cxd4 10.Qxd4 Nc6 11.Qd1 Rc8 12.Rc1 d6 13.Bd3 g5 14.Bg3 Rg8 15.Bb1 Ke7
16.O-O h5 17.h4 gxh4 18.Bxh4 Ne5 19.e4 Rg4 20.Bxf6+ Kxf6 21.Nh2 Rg8 22.Qxh5 Rh8
23.Qe2 Ke7 24.f4 Nd7 25.Ng4 Qg8 26.e5 d5 27.cxd5 Bxd5 28.Rxc8 Qxc8 29.Be4 Qc5+
30.Nf2 Bc4 31.Bd3 Bd5 32.Be4 Bc4 33.Bd3 Bd5 34.Be4  1/2-1/2

[Event "59th ch-RUS 1st League"]
[Site "Tomsk RUS"]
[Date "2006.09.03"]
[Round "1"]
[White "Ionov,S"]
[Black "Khalifman,A"]
[Result "1/2-1/2"]
[WhiteElo "2517"]
[BlackElo "2622"]

1.Nf3 Nf6 2.g3 b5 3.Bg2 Bb7 4.O-O e6 5.b3 Be7 6.c4 bxc4 7.bxc4 c5 8.Nc3 Nc6
9.Rb1 Rb8 10.d3 O-O 11.Qa4 Ba8 12.Bf4 d6 13.Rxb8 Qxb8 14.Rb1  1/2-1/2

[Event "59th ch-RUS 1st League"]
[Site "Tomsk RUS"]
[Date "2006.09.05"]
[Round "3"]
[White "Vitiugov,N"]
[Black "Khalifman,A"]
[Result "1/2-1/2"]
[WhiteElo "2555"]
[BlackElo "2622"]

1.d4 Nf6 2.Nf3 d5 3.c4 e6 4.Nc3 dxc4 5.e4 Bb4 6.Bg5 c5 7.e5 cxd4 8.Nxd4 Qa5
9.exf6 Bxc3+ 10.bxc3 Qxg5 11.fxg7 Qxg7 12.Qd2 O-O 13.Bxc4 Rd8 14.Qe3 Bd7
15.O-O Nc6 16.Nf3 Ne7 17.Ne5 Ng6 18.Nxd7 Rxd7 19.Bb3 Rc7 20.Rac1 Qe5 21.Ra1 Qg7
22.Rac1 Qe5 23.Ra1 Qg7 24.c4  1/2-1/2

[Event "59th ch-RUS 1st League"]
[Site "Tomsk RUS"]
[Date "2006.09.07"]
[Round "5"]
[White "Tomashevsky,E"]
[Black "Khalifman,A"]
[Result "1/2-1/2"]
[WhiteElo "2594"]
[BlackElo "2622"]

1.Nf3 Nf6 2.c4 g6 3.Nc3 Bg7 4.d4 d5 5.e3 O-O 6.b4 b6 7.Ba3 c6 8.Rc1 a6 9.cxd5 cxd5
10.b5 axb5 11.Qb3 b4 12.Bxb4 Nc6 13.Bd3 Nxb4 14.Qxb4 Ba6 15.Bxa6 Rxa6 16.O-O  1/2-1/2

[Event "59th ch-RUS 1st League"]
[Site "Tomsk RUS"]
[Date "2006.09.09"]
[Round "7"]
[White "Grigoriants,S RUS"]
[Black "Khalifman,A"]
[Result "1/2-1/2"]
[WhiteElo "2579"]
[BlackElo "2622"]

1.c4 Nf6 2.Nc3 g6 3.g3 Bg7 4.Bg2 O-O 5.d4 Nc6 6.e3 e5 7.d5 Ne7 8.Nge2 d6
9.e4 Nh5 10.Be3 f5 11.f3 c5 12.O-O f4 13.Bf2 g5 14.Nc1 Ng6 15.Nd3 Rf7 16.b4 b6
17.a4 a5 18.g4 Nf6 19.bxa5 bxa5 20.h3  1/2-1/2

[Event "59th ch-RUS 1st League"]
[Site "Tomsk RUS"]
[Date "2006.09.11"]
[Round "9"]
[White "Najer,E"]
[Black "Khalifman,A"]
[Result "1-0"]
[WhiteElo "2677"]
[BlackElo "2622"]

1.e4 c5 2.Nf3 d6 3.d4 cxd4 4.Nxd4 Nf6 5.Nc3 Nc6 6.Bg5 e6 7.Qd2 Be7 8.O-O-O a6
9.f3 Qc7 10.h4 Nxd4 11.Qxd4 b5 12.Kb1 Bb7 13.Qd2 Rc8 14.Bd3 h6 15.Bf4 e5
16.Be3 d5 17.Nxd5 Nxd5 18.exd5 Bxd5 19.Qf2 Qa5 20.a3 Be6 21.Qg3 Bf6 22.Bd2 Qb6
23.Bb4 Rd8 24.Be4 a5 25.Rxd8+ Kxd8 26.Bc3 b4 27.axb4 axb4 28.Bxe5 Ba2+ 29.Ka1 Qa6
30.Bxf6+ gxf6 31.Rd1+ Kc8 32.Rd6  1-0

[Event "22nd ECU Club Cup"]
[Site "Feugen AUT"]
[Date "2006.10.12"]
[Round "5"]
[White "Malakhov,V"]
[Black "Khalifman,A"]
[Result "1/2-1/2"]
[WhiteElo "2682"]
[BlackElo "2622"]

1.e4 e6 2.Nf3 d5 3.e5 c5 4.c3 Nc6 5.Na3 Bd7 6.Nc2 f6 7.d4 fxe5 8.Nxe5 Nxe5
9.dxe5 Qc7 10.f4 O-O-O 11.h4 Ne7 12.Be3 Nf5 13.Bf2 Bc6 14.Qg4 Qb6 15.b4  1/2-1/2